Increased carotenoid production by the food yeast candida utilis through metabolic engineering of the isoprenoid pathway /

Đã lưu trong:
書目詳細資料
其他作者: Fraser, Paul D., Kondo, Keiji., Misawa, Norihiko., Miura, Yutaka., Saito, Toshiko., Shimada, Hiroshi.
格式: Bài viết
語言:English
主題:
標簽: 添加標簽
沒有標簽, 成為第一個標記此記錄!
Thư viện lưu trữ: Thư viện Trường Đại học Đà Lạt
LEADER 01112nam a2200361 4500
001 DLU090091627
005 ##20091201
040 # # |a DLU  |b eng 
041 # # |a eng 
044 # # |a us 
245 # # |a Increased carotenoid production by the food yeast candida utilis through metabolic engineering of the isoprenoid pathway /  |c Hiroshi Shimada ... [et al.]. 
653 # # |a Candida utilis 
653 # # |a Food yeast  
653 # # |a Gene overexpression 
653 # # |a Isoprenoid 
653 # # |a Optimization 
653 # # |a Recombinant microorganism 
700 # # |a Fraser, Paul D. 
700 # # |a Kondo, Keiji. 
700 # # |a Misawa, Norihiko. 
700 # # |a Miura, Yutaka. 
700 # # |a Saito, Toshiko. 
700 # # |a Shimada, Hiroshi. 
773 # # |t Applied and Environmental Microbiology  |g Vol. 64, no. 7 (July 1998), p. 2676-2680 
920 # # |a Phòng Tạp chí -- Trung tâm Thông tin - Thư viện Trường Đại học Đà Lạt 
994 # # |a DLU 
900 # # |a True 
911 # # |a Trương Bảo Trâm Anh 
925 # # |a G 
926 # # |a A 
927 # # |a BB 
980 # # |a Thư viện Trường Đại học Đà Lạt